000 00955 a2200217 4500
003 Nust
005 20221121095520.0
010 _a 87002738
020 _a0582215838
040 _cNust
082 0 0 _a621.381,MAD
100 1 _aMaddock, R. J.
_920194
245 1 0 _aElectronics :
_bfor engineers /
_cR.J. Maddock, D.M. Calcutt.
250 _a2nd ed. /
260 _aBurnt Mill, Harlow, Essex, England :
_bLongman Scientific & Technical ;
_aNew York :
_bWiley,
_c1988.
300 _avii, 678 p. :
_bill. ;
_c25 cm.
505 _aIntroduction (Page-1), Description of Components and Devices (Page-28), Techniques of Analysis 76v Digital Circuits (Page-200), Analog Circuits (Page-360), Waveform Generation and Conversion (Page-560), Analogue and Digital Conversion (Page-598), Power Supplies (Page-632), Controlled Rectifier Systems (Page-669).
650 0 _aTelecommunication Engineering
700 1 _aCalcutt, D. M.,
_d1935-
_9103231
942 _2ddc
_cBK
999 _c181684
_d181684